000 01086cam a2200301 a 4500
001 15790728
003 OSt
005 20220416135719.0
008 090625s2011 mauab 000 0 ita
010 _a 2009931447
020 _a9781605761190 (student bk.)
020 _a1605761192 (student bk.)
020 _a9781605761237 (instructor's annotated ed.)
040 _aDLC
_cHU
_dDLC
050 0 0 _aPC1129.E5
_b.C69 2011
082 0 0 _a458.2/421COZ 2011
_223
100 1 _aCozzarelli, Julia.
_936161
245 1 0 _aSentieri :
_battraverso l'italia contemporanea /
_cJulia Cozzarelli.
250 _a1st ed.
260 _aBoston, Mass. :
_bVista Higher Learning,
_cc2011.
300 _axxix, 530 p. :
_bcol. ill., col. maps ;
_c29 cm.
650 0 _aItalian language
_vTextbooks for foreign speakers
_xEnglish.
_936162
650 0 _aItalian language
_xGrammar
_vProblems, exercises, etc.
_936163
650 0 _aItalian language
_xSpoken Italian.
_936164
906 _a7
_bcbc
_corignew
_d3
_eepcn
_f20
_gy-gencatlg
942 _2ddc
_cBOOKS
_n0
999 _c34968
_d34968